Normal view MARC view
  • Majoral Clapés, Silvia,

Entry Nombre Personal

Number of records used in: 3

001 - NUMERO DE CONTROL

  • campo de control: 40102

003 - IDENTIFICADOR DE NUMERO DE CONTROL

  • campo de control: UPN

005 - FECHA Y HORA DE LA ÜLTIMA TRANSACCIÓN

  • campo de control: 20210219194553.0

008 - DATOS DE LONGITUD FIJA

  • campo de control de longitud fija: nabaccnnaabn|||||||||| b |nc|||||d

035 ## - NUMERO DE CONTROL

  • Número de control: UPN11000012209

040 ## - FUENTE DE CATALOGACIÓN

  • Lenguaje de catalogación: SPA
  • Agencia de transcripción: UPN

100 1# - ENCABEZAMIENTO - NOMBRE PERSONAL

  • Nombre personal: Majoral Clapés, Silvia,
  • Fechas asociadas con el nombre: 1960-

400 1# - VEÁSE - NOMBRE DE PERSONA

  • Personal name: Majoral, Silvia,
  • Dates associated with a name: 1960-

670 ## - FUENTE EN LA QUE SE LOCALIZARON DATOS

  • Cita de la fuente: T
  • Información localizada: ¡Podemos pintar los sueños! : fragmentos de un diario de clase

680 ## - NOTA PUBLICA DE ACCESO PÚBLICO

  • Frase explicativa de la referencia: Profesora española. Desde 1982 ha trabajado en diversas escuelasen la etapa de educación inicial, en el ciclo 3 a 6 años

902 ## - CATALOGADOR

  • Catalogador: EMR/020517